|
|
|
|
| LEADER |
01149nam a22002777a 4500 |
| 001 |
41796 |
| 003 |
BD-DhAAL |
| 008 |
231003t1977 bg ||||| |||| 001 0 ben d |
| 020 |
|
|
|a 9840733702
|
| 040 |
|
|
|a BD-DhAAL
|c BD-DhAAL
|
| 041 |
|
|
|a ben
|
| 082 |
|
|
|a 121.3
|
| 245 |
|
|
|a জ্ঞানতত্ত্ব /
|c অনুবাদক, মোঃ আবদুর রশীদ.
|
| 246 |
|
|
|a Gan tattava
|
| 246 |
|
|
|a Theory of knowledge
|
| 264 |
|
|
|a ঢাকা :
|b বাংলা একাডেমী,
|c ১৯৭৭.
|
| 300 |
|
|
|a ২১৩ পৃষ্ঠা ;
|c ২২ সে.মি.
|
| 500 |
|
|
|a নির্ঘণ্ট অন্তর্ভুক্ত।
|
| 526 |
|
|
|a BIED
|
| 541 |
|
|
|a Complimentary copy from BIED
|e 41796
|
| 650 |
|
|
|a Knowledge, Theory of.
|
| 700 |
|
|
|a রশীদ, মোঃ আবদুর.
|9 55647
|
| 852 |
|
|
|a Ayesha Abed Library
|c BIED Collection
|
| 942 |
|
|
|2 ddc
|c BK
|
| 999 |
|
|
|c 46200
|d 46200
|
| 952 |
|
|
|0 0
|1 0
|2 ddc
|4 0
|6 121_300000000000000_GAN
|7 0
|9 74507
|a BRACUL
|b BRACUL
|c GEN
|d 2023-10-03
|e Complimentary copy from BIED
|g 84.00
|l 0
|o 121.3 GAN
|p 3010041796
|r 2023-10-03
|t 1
|w 2023-10-03
|y BK
|x Transferred from BIED to General Stacks
|